| 000 | 00530nam a22001817i 4500 | ||
|---|---|---|---|
| 999 |
_c23547 _d23547 |
||
| 003 | AR-CdUCM | ||
| 008 | 260306b20212021 pe||||| |||| 00| 0 spa d | ||
| 020 | _a978-612-48596-9-4 | ||
| 040 |
_aMUNICIPALIDAD PROVINCIAL DEL CUSCO _cBIBLIOTECA MUNICIPAL DEL CUSCO |
||
| 041 | _hspa | ||
| 082 |
_aEP / 869.56 _bB11 |
||
| 100 |
_aChiniapaza, Alan (compilador) _952386 |
||
| 245 | _aBosques de Jirasoles / | ||
| 260 |
_a Lima-Perú : _c2021 |
||
| 300 |
_a79 páginas. : _c20x15 cm. |
||
| 942 |
_2ddc _cLIBROS |
||
| 945 |
_apbjr _d06-03-2026 |
||